| 000 | 00426nam a2200145Ia 4500 | ||
|---|---|---|---|
| 005 | 20251222144646.0 | ||
| 008 | 251222s9999||||xx |||||||||||||| ||spa|| | ||
| 020 | _a9789972234460 | ||
| 082 | _a657.61/A93 | ||
| 100 | _aAyala Zavala, Pascual | ||
| 245 | 0 | _aLibros y Registros Vinculados a Asuntos Tributarios en el Nuevo Plan Contable General Empresarial | |
| 250 | _a1ra. ed. | ||
| 264 | _bPacĂfico Editores | ||
| 942 | _cLIB | ||
| 999 |
_c16885 _d16885 |
||